<?xml version="1.0" encoding="UTF-8"?>
<collection xmlns="http://www.loc.gov/MARC21/slim">
<record>
  <controlfield tag="001">129734</controlfield>
  <controlfield tag="005">20240503120756.0</controlfield>
  <datafield tag="024" ind1="8" ind2=" ">
    <subfield code="2">sideral</subfield>
    <subfield code="a">136059</subfield>
  </datafield>
  <datafield tag="037" ind1=" " ind2=" ">
    <subfield code="a">ART-2019-136059</subfield>
  </datafield>
  <datafield tag="041" ind1=" " ind2=" ">
    <subfield code="a">spa</subfield>
  </datafield>
  <datafield tag="100" ind1=" " ind2=" ">
    <subfield code="a">Royo Ortín, Emilio</subfield>
    <subfield code="u">Universidad de Zaragoza</subfield>
    <subfield code="0">(orcid)0000-0002-4659-8568</subfield>
  </datafield>
  <datafield tag="245" ind1=" " ind2=" ">
    <subfield code="a">Relación entre los factores físicos que influyen en la competencia motriz y la práctica de actividad física en chicas adolescentes de educación secundaria en la comunidad autónoma de Aragón</subfield>
  </datafield>
  <datafield tag="260" ind1=" " ind2=" ">
    <subfield code="c">2019</subfield>
  </datafield>
  <datafield tag="506" ind1="0" ind2=" ">
    <subfield code="a">Access copy available to the general public</subfield>
    <subfield code="f">Unrestricted</subfield>
  </datafield>
  <datafield tag="520" ind1="3" ind2=" ">
    <subfield code="a">La población adolescente tiene como una característica principal el sedentarismo, siendo éste uno de los factores relacionados con la salud. Concretamente se evidencia un descenso de práctica deportiva por parte colectivo femenino en edad adolescente. En esta investigación se analiza la relación entre los factores físicos que influyen en la competencia motriz y la práctica de actividad física por parte de chicas adolescentes en edad estudiantil. La muestra estaba compuesta por un total de 428 alumnas de ESO de la Comunidad Autónoma de Aragón, con edades comprendidas entre los 12 y los 15 años. Todas ellas realizaron la Batería Multidimensional Sportcomp, compuesta por 5 pruebas de aptitud motriz y otras 5 pruebas de coordinación y control motor, y completaron el cuestionario de Conductas Saludables HBSC. Los resultados mostraron una clara relación entre los factores físicos que influyen en la competencia motriz y la práctica de actividad física.</subfield>
  </datafield>
  <datafield tag="540" ind1=" " ind2=" ">
    <subfield code="9">info:eu-repo/semantics/openAccess</subfield>
    <subfield code="a">All rights reserved</subfield>
    <subfield code="u">http://www.europeana.eu/rights/rr-f/</subfield>
  </datafield>
  <datafield tag="655" ind1=" " ind2="4">
    <subfield code="a">info:eu-repo/semantics/article</subfield>
    <subfield code="v">info:eu-repo/semantics/publishedVersion</subfield>
  </datafield>
  <datafield tag="700" ind1=" " ind2=" ">
    <subfield code="a">Segura Berges, Manuel</subfield>
    <subfield code="0">(orcid)0009-0007-9320-6751</subfield>
  </datafield>
  <datafield tag="710" ind1="2" ind2=" ">
    <subfield code="1">3001</subfield>
    <subfield code="2">187</subfield>
    <subfield code="a">Universidad de Zaragoza</subfield>
    <subfield code="b">Dpto. Expres.Music.Plást.Corp.</subfield>
    <subfield code="c">Área Didáctica Expres.Corporal</subfield>
  </datafield>
  <datafield tag="773" ind1=" " ind2=" ">
    <subfield code="g">38 (2019), 59-67</subfield>
    <subfield code="p">Rev. int. deportes colect.</subfield>
    <subfield code="t">Revista internacional de deportes colectivos</subfield>
    <subfield code="x">1989-841X</subfield>
  </datafield>
  <datafield tag="856" ind1="4" ind2=" ">
    <subfield code="s">147254</subfield>
    <subfield code="u">http://zaguan.unizar.es/record/129734/files/texto_completo.pdf</subfield>
    <subfield code="y">Versión publicada</subfield>
  </datafield>
  <datafield tag="856" ind1="4" ind2=" ">
    <subfield code="s">2306383</subfield>
    <subfield code="u">http://zaguan.unizar.es/record/129734/files/texto_completo.jpg?subformat=icon</subfield>
    <subfield code="x">icon</subfield>
    <subfield code="y">Versión publicada</subfield>
  </datafield>
  <datafield tag="856" ind1="4" ind2="1">
    <subfield code="u">https://dialnet.unirioja.es/servlet/articulo?codigo=7304451</subfield>
    <subfield code="z">Texto completo de la revista</subfield>
  </datafield>
  <datafield tag="909" ind1="C" ind2="O">
    <subfield code="o">oai:zaguan.unizar.es:129734</subfield>
    <subfield code="p">articulos</subfield>
    <subfield code="p">driver</subfield>
  </datafield>
  <datafield tag="951" ind1=" " ind2=" ">
    <subfield code="a">2024-05-03-12:04:34</subfield>
  </datafield>
  <datafield tag="980" ind1=" " ind2=" ">
    <subfield code="a">ARTICLE</subfield>
  </datafield>
</record>
</collection>